La mujer ante la sociedad y el derecho. Conferencias Santo Tomás de Aquino.
Gespeichert in:
| Körperschaft: | |
|---|---|
| Format: | Buch |
| Sprache: | Spanisch |
| Veröffentlicht: |
Santiago, Chile:
Universidad Santo Tomás,
2002.
|
| Schlagworte: | |
| Tags: |
Tag hinzufügen
Keine Tags, Fügen Sie den ersten Tag hinzu!
|
MARC
| LEADER | 00000nam a2200000 a 4500 | ||
|---|---|---|---|
| 001 | UCK3528 | ||
| 003 | CL-VaPUC | ||
| 005 | 20220822114416.0 | ||
| 008 | 050429e20020000cl 1 spa d | ||
| 999 | |c 384116 |d 384114 | ||
| 020 | |a 956-7946-00-0 | ||
| 040 | |c Pontificia Universidad Católica de Valparaíso | ||
| 082 | 0 | 4 | |a 346.0134 UNI 2002 |2 21 |
| 110 | 2 | |a Universidad Santo Tomás |e autor |9 620700 | |
| 245 | 1 | 3 | |a La mujer ante la sociedad y el derecho. |b Conferencias Santo Tomás de Aquino. |
| 260 | |a Santiago, Chile: |b Universidad Santo Tomás, |c 2002. | ||
| 300 | |a 114 páginas. | ||
| 500 | |a c.2 Donación Familia Prof. Alejandro Guzmán Brito. | ||
| 518 | |p Conferencias Santo Tomás de Aquino. Aula Magna, Academia de Derecho, Universidad Santo Tomás. |a 16 de noviembre de 2001. 09:00 a 13:30 horas. | ||
| 536 | |a Colegio de Abogados de Chile A.G. | ||
| 583 | |a last modification |c 20190823 10:42:45 |k Rodrigo Vera | ||
| 650 | 0 | 0 | |a Mujeres |9 257649 |
| 650 | 0 | 0 | |a Participación social |9 256140 |
| 650 | 0 | 0 | |a Derechos humanos |9 223025 |
| 650 | 0 | 0 | |a Igualdad de oportunidades |9 331873 |
| 650 | 0 | 0 | |a Derecho laboral |2 CL-VaPUC |9 15 |
| 942 | |c BK |2 ddc |n 0 | ||
| 945 | |a cmena |d 20050429 00:00:00 | ||
| 952 | |0 0 |1 0 |4 0 |6 346_013400000000000_UNI_2002 |7 0 |8 A |9 506590 |a BIBDER |b BIBDER |d 2020-01-23 |i 4112539 |o 346.0134 UNI 2002 |p 4112539 |r 2023-01-25 |w 2020-01-23 |y BK |k DER | ||
| 952 | |0 0 |1 0 |2 ddc |4 0 |6 346_013400000000000_UNI_2002 |7 1 |8 C_AGB |9 580965 |a BIBDER |b BIBDER |d 2022-01-31 |e Donación |i 5643104 |o 346.0134 UNI 2002 |p 5643104 |r 2023-01-25 |t 2 |w 2022-01-31 |y BK_US |k AGB | ||